Isixhosa FAL. Ibanga 10 / (Record no. 789053)

MARC details
000 -LEADER
fixed length control field 00810nam a22002537a 4500
003 - CONTROL NUMBER IDENTIFIER
control field 3228
005 - DATE AND TIME OF LATEST TRANSACTION
control field 20251118104754.0
008 - FIXED-LENGTH DATA ELEMENTS--GENERAL INFORMATION
fixed length control field 251112b sa ||||| |||| 00| 0 eng d
020 ## - INTERNATIONAL STANDARD BOOK NUMBER
International Standard Book Number 9781920356880 (paperback)
040 ## - CATALOGING SOURCE
Original cataloging agency MPL
Language of cataloging English
Transcribing agency 3228
Description conventions Resource Description and Access
041 ## - LANGUAGE CODE
Language code of text/sound track or separate title Isixhosa
082 #0 - DEWEY DECIMAL CLASSIFICATION NUMBER
Classification number ST 496.3985824 FINI
100 ## - MAIN ENTRY--PERSONAL NAME
9 (RLIN) 197726
Personal name Finini, N
Relator term Author
245 ## - TITLE STATEMENT
Title Isixhosa FAL. Ibanga 10 /
Statement of responsibility, etc. N. Finini, M.G. Mdliva.
250 ## - EDITION STATEMENT
Edition statement First edition.
260 ## - PUBLICATION, DISTRIBUTION, ETC.
Place of publication, distribution, etc. Pietermaritzburg :
Name of publisher, distributor, etc. Shuter & Shooter,
Date of publication, distribution, etc. 2017.
300 ## - PHYSICAL DESCRIPTION
Extent x, 111 pages :
Other physical details illustrations ;
Dimensions 30 cm
490 ## - SERIES STATEMENT
Series statement Ace it! study guide
500 ## - GENERAL NOTE
General note "CAPS. IEB Aligned"--Cover
650 #0 - SUBJECT ADDED ENTRY--TOPICAL TERM
9 (RLIN) 197727
Topical term or geographic name entry element Xhosa language—Study guides
700 ## - ADDED ENTRY--PERSONAL NAME
9 (RLIN) 197728
Personal name Finini, N
Relator term Author
700 ## - ADDED ENTRY--PERSONAL NAME
9 (RLIN) 197729
Personal name Mdliva,M.G.
Relator term Author
942 ## - ADDED ENTRY ELEMENTS
Source of classification or shelving scheme Dewey Decimal Classification
item type Book
-- 5815
-- Pontsho Maoko
Holdings
Withdrawn status Lost status Source of classification or shelving scheme Damaged status Not for loan Collection code Home library Current library Shelving location Date acquired Full call number Barcode Date last seen Price effective from item type
    Dewey Decimal Classification     400: Language KWAMHLANGA REGIONAL LIBRARY ZITHABISENI(BOEKENHOETHOEK) Non Fiction 12.11.2025 ST 496.3985824 FINI 33228031083691 12.11.2025 12.11.2025 Book